[Event "DSM WK M 2012"]
[Site "Karlsruhe GER"]
[Date "2012.05.05"]
[Round "6"]
[White "Caliebe, Frauke"]
[Black "Pankonin, Tabea"]
[Result "1-0"]
[Termination "normal"]
[Board "7.3"]
[WhiteElo "944"]
[BlackElo "774"]
[WhiteTeam "Gymnasium Altenholz"]
[BlackTeam "Salier-Gymnasium Waiblingen"]
[PlyCount "59"]
[EventCountry "GER"]
[EventRounds "7"]
[EventType "team-swiss"]
[EventDate "2012.05.03"]

1. d4 d5 2. c4 dxc4 3. Nc3 Nf6 4. Nf3 g6 5. e4 e6 6. Bxc4 Bb4 7. O-O c5 8. Bg5
Nc6 9. dxc5 Qxd1 10. Raxd1 Bxc5 11. Bxf6 O-O 12. Ne5 Nxe5 13. Bxe5 f6 14. Bd6
Bb6 15. Bxf8 Kxf8 16. Na4 Kg7 17. Nxb6 axb6 18. Rd6 Kf7 19. Rxb6 Ra4 20. Bxe6+
Bxe6 21. Rxb7+ Ke8 22. Re1 Rxa2 23. h3 Bc8 24. Rxh7 Rxb2 25. e5 f5 26. e6 Bxe6
27. Rxe6+ Kf8 28. Rc6 Kg8 29. Ra7 Rb1+ 30. Kh2 1-0

[Event "DSM WK M 2012"]
[Site "Karlsruhe GER"]
[Date "2012.05.05"]
[Round "6"]
[White "Abed, Sarah"]
[Black "Severing, Lynn"]
[Result "0-1"]
[Termination "normal"]
[Board "7.4"]
[WhiteElo "800"]
[BlackElo "800"]
[WhiteTeam "Salier-Gymnasium Waiblingen"]
[BlackTeam "Gymnasium Altenholz"]
[PlyCount "72"]
[EventCountry "GER"]
[EventRounds "7"]
[EventType "team-swiss"]
[EventDate "2012.05.03"]

1. e4 c5 2. Bb5 e6 3. Nf3 Nh6 4. Nc3 Be7 5. O-O O-O 6. d3 d6 7. d4 cxd4 8. Nxd4
a6 9. Bc4 b5 10. Bb3 Qc7 11. Bf4 Bb7 12. e5 Ng4 13. Qxg4 d5 14. a4 b4 15. Na2
a5 16. c3 Na6 17. cxb4 axb4 18. Bd2 Rfc8 19. Rac1 Bc5 20. Nc2 Bb6 21. Naxb4 Nc5
22. Be3 Qd8 23. Bh6 g6 24. Nd4 Nxa4 25. Ra1 Nxb2 26. Rxa8 Rxa8 27. Ndc6 Qc7 28.
Rc1 Ra3 29. Nd4 Qxe5 30. Qg5 Qxg5 31. Bxg5 Bxd4 32. Rc2 Rxb3 33. Nd3 Rxd3 34.
g3 Be5 35. Rc5 d4 36. Rb5 Rd1# 0-1

[Event "DSM WK M 2012"]
[Site "Karlsruhe GER"]
[Date "2012.05.05"]
[Round "6"]
[White "Beier, Nina"]
[Black "G., Diana"]
[Result "0-1"]
[Termination "normal"]
[Board "8.1"]
[WhiteElo "1579"]
[BlackElo "1026"]
[WhiteTeam "Albertus-Magnus-Schule Viernheim"]
[BlackTeam "Charlotte-Paulsen-Gymnasium Hamburg"]
[PlyCount "104"]
[WhiteFideId "24660434"]
[BlackFideId "12964700"]
[EventCountry "GER"]
[EventRounds "7"]
[EventType "team-swiss"]
[EventDate "2012.05.03"]

1. d4 Nf6 2. Bg5 d6 3. Bxf6 exf6 4. e3 g6 5. Bd3 Bg7 6. Nd2 O-O 7. Ne2 b6 8.
O-O Bb7 9. c3 f5 10. Ng3 Nd7 11. Re1 Nf6 12. f3 c5 13. e4 fxe4 14. fxe4 cxd4
15. cxd4 Re8 16. d5 Qe7 17. Bb5 Nd7 18. Rb1 a6 19. Bxd7 Qxd7 20. Nc4 Qc8 21.
Nxd6 Qc5+ 22. Kh1 Qxd6 23. Qf3 f5 24. Rf1 Rf8 25. Qb3 fxe4 26. Nxe4 Bxd5 27.
Nxd6 Bxb3 28. axb3 Rfd8 29. Nc4 b5 30. Na3 Rd3 31. Rf3 Rad8 32. Rxd3 Rxd3 33.
g3 Rxb3 34. Kg2 Rxb2+ 35. Rxb2 Bxb2 36. Nc2 Kf7 37. Kf3 Ke6 38. Ke4 Kd6 39. Kd3
Kc5 40. Ne3 a5 41. Kc2 Bd4 42. Nd1 Bg1 43. h3 h5 44. Nc3 b4 45. Ne2 Bf2 46. Kb3
Kb5 47. Kb2 a4 48. g4 hxg4 49. hxg4 b3 50. Nc3+ Kb4 51. Nd5+ Kc4 52. Nb6+ Bxb6
0-1

[Event "DSM WK M 2012"]
[Site "Karlsruhe GER"]
[Date "2012.05.05"]
[Round "6"]
[White "Riederer, Jana"]
[Black "Reiter, Nicole"]
[Result "0-1"]
[Termination "normal"]
[Board "8.3"]
[WhiteElo "800"]
[BlackElo "794"]
[WhiteTeam "Albertus-Magnus-Schule Viernheim"]
[BlackTeam "Charlotte-Paulsen-Gymnasium Hamburg"]
[PlyCount "76"]
[BlackFideId "16212126"]
[EventCountry "GER"]
[EventRounds "7"]
[EventType "team-swiss"]
[EventDate "2012.05.03"]

1. e4 e5 2. Nf3 Nc6 3. Bb5 d6 4. O-O Nf6 5. Nc3 Be7 6. d3 Bg4 7. b3 O-O 8. Bxc6
bxc6 9. b4 d5 10. exd5 cxd5 11. Bb2 Bxb4 12. a3 Bc5 13. Qe2 Re8 14. Nb5 Rb8 15.
a4 c6 16. Bxe5 cxb5 17. Bxb8 Rxe2 18. Be5 Bxf3 19. Bg3 Bh5 20. axb5 Rxc2 21.
Rab1 Qa5 22. Rfe1 h6 23. h3 Rd2 24. Rec1 Bd4 25. Rf1 Rxd3 26. Bh4 a6 27. bxa6
Qxa6 28. Rbe1 Bc3 29. Re7 d4 30. Bxf6 Qxf6 31. Rb7 Qg5 32. f3 Bxf3 33. Rb8+ Kh7
34. Rf2 Rd1+ 35. Kh2 Qe5+ 36. g3 Qxb8 37. Rxf3 Qb2+ 38. Rf2 Qxf2# 0-1

[Event "DSM WK M 2012"]
[Site "Karlsruhe GER"]
[Date "2012.05.05"]
[Round "6"]
[White "Syla, Albetina"]
[Black "Seeger, Amelie"]
[Result "1-0"]
[Termination "normal"]
[Board "8.4"]
[WhiteElo "800"]
[BlackElo "800"]
[WhiteTeam "Charlotte-Paulsen-Gymnasium Hamburg"]
[BlackTeam "Albertus-Magnus-Schule Viernheim"]
[PlyCount "125"]
[EventCountry "GER"]
[EventRounds "7"]
[EventType "team-swiss"]
[EventDate "2012.05.03"]

1. e4 e5 2. Nf3 Nc6 3. Bc4 Nf6 4. Nc3 Bc5 5. d3 h6 6. a3 d6 7. b4 Bd4 8. Nxd4
Nxd4 9. Be3 Bg4 10. f3 Be6 11. Bxe6 Nxe6 12. O-O O-O 13. f4 exf4 14. Bxf4 Nxf4
15. Rxf4 c6 16. Rf5 Re8 17. Qe2 Nd7 18. Raf1 Ne5 19. d4 Qb6 20. Qf2 f6 21. dxe5
Qxf2+ 22. R5xf2 Rxe5 23. Rd2 Rd8 24. a4 d5 25. b5 d4 26. bxc6 bxc6 27. Rfd1 c5
28. Nb5 Re7 29. c3 d3 30. Rxd3 Rxd3 31. Rxd3 Rxe4 32. Nxa7 Rxa4 33. Nc6 Ra6 34.
Ne7+ Kf7 35. Nf5 c4 36. Nd6+ Kg6 37. Nxc4 f5 38. Ne5+ Kf6 39. Nd7+ Kg6 40. c4
f4 41. c5 Rc6 42. Ne5+ Kf5 43. Nxc6 g5 44. Ne7+ Ke4 45. Rd5 f3 46. gxf3+ Kxf3
47. c6 g4 48. c7 Kf4 49. c8=Q Ke4 50. Qxg4+ Ke3 51. Qe4+ Kxe4 52. Rh5 Ke3 53.
Rh4 Ke2 54. Rh3 Ke1 55. Kg2 h5 56. Re3+ Kd2 57. Kf2 Kc2 58. Ke2 Kb2 59. Kd2 Kb1
60. Rb3+ Ka2 61. Kc2 h4 62. Rb6 h3 63. Ra6# 1-0

[Event "DSM WK M 2012"]
[Site "Karlsruhe GER"]
[Date "2012.05.05"]
[Round "6"]
[White "Wolff, Marie Antoinette"]
[Black "Hammer, Nicole"]
[Result "1-0"]
[Termination "normal"]
[Board "9.1"]
[WhiteElo "1144"]
[BlackElo "752"]
[WhiteTeam "Louise-Henriette-Gymnasium Oranienburg"]
[BlackTeam "Freiherr-vom-Stein Gymnasium Hamm"]
[PlyCount "65"]
[WhiteFideId "12908258"]
[EventCountry "GER"]
[EventRounds "7"]
[EventType "team-swiss"]
[EventDate "2012.05.03"]

1. e4 e5 2. Nf3 Nc6 3. Bc4 Bc5 4. c3 d6 5. d4 Be6 6. d5 Na5 7. dxe6 f6 8. Bb3
Ne7 9. O-O c6 10. Be3 Bxe3 11. fxe3 Qb6 12. Qd2 O-O-O 13. Na3 Ng6 14. Qe2 Nf4
15. Qf2 d5 16. exd5 cxd5 17. Kh1 Nxe6 18. Bxd5 Nc7 19. e4 h6 20. Qc2 Nxd5 21.
exd5 Rxd5 22. Qf5+ Kb8 23. b4 Nc6 24. Nc4 Qb5 25. Nfd2 e4 26. Qxe4 Rg5 27. Nf3
Rh5 28. Nd6 Qa4 29. Qg4 Ne7 30. Qxh5 Qc2 31. Qb5 b6 32. Qd7 Qxc3 33. Qb7# 1-0

[Event "DSM WK M 2012"]
[Site "Karlsruhe GER"]
[Date "2012.05.05"]
[Round "6"]
[White "Hörnschemeyer, Mara"]
[Black "Ziegel, Mandy Marie"]
[Result "0-1"]
[Termination "normal"]
[Board "9.2"]
[WhiteElo "800"]
[BlackElo "867"]
[WhiteTeam "Freiherr-vom-Stein Gymnasium Hamm"]
[BlackTeam "Louise-Henriette-Gymnasium Oranienburg"]
[PlyCount "64"]
[EventCountry "GER"]
[EventRounds "7"]
[EventType "team-swiss"]
[EventDate "2012.05.03"]

1. e4 e5 2. Nf3 Nc6 3. Bc4 Bc5 4. d3 Nf6 5. Bg5 d6 6. Nc3 h6 7. Bxf6 Qxf6 8.
Bd5 Nd4 9. O-O Bg4 10. Qe1 Bxf3 11. gxf3 Nxf3+ 12. Kg2 Nxe1+ 13. Raxe1 c6 14.
Bc4 Bd4 15. Ne2 b5 16. c3 bxc4 17. cxd4 cxd3 18. Nc3 exd4 19. Nb1 Rb8 20. Rd1
Rxb2 21. Nd2 Rxa2 22. e5 dxe5 23. Ne4 Qg6+ 24. Kf3 Qh5+ 25. Kg3 O-O 26. h3 f5
27. Nd6 Qg5+ 28. Kf3 Qf4+ 29. Kg2 Rf6 30. Ne8 Rg6+ 31. Kh1 Qf3+ 32. Kh2 Qg2#
0-1

[Event "DSM WK M 2012"]
[Site "Karlsruhe GER"]
[Date "2012.05.05"]
[Round "6"]
[White "Thimian, Jessica"]
[Black "Kowalski, Rebecca"]
[Result "1-0"]
[Termination "normal"]
[Board "9.3"]
[WhiteElo "800"]
[BlackElo "800"]
[WhiteTeam "Louise-Henriette-Gymnasium Oranienburg"]
[BlackTeam "Freiherr-vom-Stein Gymnasium Hamm"]
[PlyCount "115"]
[EventCountry "GER"]
[EventRounds "7"]
[EventType "team-swiss"]
[EventDate "2012.05.03"]

1. d4 d5 2. Nc3 Nf6 3. e3 Nc6 4. Bb5 Bd7 5. Nge2 e6 6. O-O Bd6 7. Qd3 a6 8.
Bxc6 Bxc6 9. Ng3 O-O 10. e4 Bb5 11. Nxb5 axb5 12. Re1 Bb4 13. c3 Bd6 14. e5 Be7
15. exf6 Bxf6 16. Qxb5 c6 17. Qxb7 Qc8 18. Qb3 Rb8 19. Qc2 g6 20. Bf4 Ra8 21.
b3 Re8 22. Qd2 Qd7 23. c4 Rad8 24. Rad1 Qe7 25. Be5 Bg5 26. Qa5 Rc8 27. Qc5 Qd8
28. f4 Bh4 29. Re3 f5 30. b4 Qd7 31. Ne2 Qf7 32. b5 cxb5 33. Qxb5 Rxc4 34. g3
Be7 35. Rc1 Rcc8 36. Rxc8 Rxc8 37. a4 Rf8 38. a5 Rd8 39. Bc7 Rc8 40. Qb7 Qf8
41. Rxe6 Ba3 42. Bd6 Bxd6 43. Rxd6 Rc1+ 44. Nxc1 Qxd6 45. a6 Qa3 46. a7 Qxc1+
47. Kg2 Qd2+ 48. Kh3 Qa5 49. a8=Q+ Qxa8 50. Qxa8+ Kf7 51. Qxd5+ Ke7 52. Qe5+
Kd8 53. d5 Kc8 54. d6 Kb8 55. d7+ Kb7 56. d8=Q Ka7 57. Qdb8+ Ka6 58. Qeb5# 1-0

[Event "DSM WK M 2012"]
[Site "Karlsruhe GER"]
[Date "2012.05.05"]
[Round "6"]
[White "Mewes, Melissa"]
[Black "Hallek, Sarah"]
[Result "0-1"]
[Termination "normal"]
[Board "9.4"]
[WhiteElo "800"]
[BlackElo "800"]
[WhiteTeam "Freiherr-vom-Stein Gymnasium Hamm"]
[BlackTeam "Louise-Henriette-Gymnasium Oranienburg"]
[PlyCount "78"]
[EventCountry "GER"]
[EventRounds "7"]
[EventType "team-swiss"]
[EventDate "2012.05.03"]

1. e4 e5 2. Nf3 Nc6 3. Bb5 d6 4. Bxc6+ bxc6 5. O-O Bg4 6. Re1 Be7 7. Qe2 Nf6 8.
Nc3 O-O 9. b4 Nd7 10. b5 c5 11. Nd5 Bg5 12. Rb1 g6 13. c3 Rb8 14. Qc4 Bxf3 15.
d4 Bxc1 16. Rbxc1 Nb6 17. dxc5 Nxc4 18. gxf3 Rxb5 19. a4 Rxc5 20. Nb4 Nb2 21.
Na6 Rc6 22. Nb4 Rb6 23. Rc2 Nc4 24. a5 Rb5 25. a6 c5 26. Nc6 Qc7 27. Nb4 Qa5
28. Ra2 Qd8 29. Ra4 Qg5+ 30. Kf1 Nd2+ 31. Ke2 Re8 32. Nc6 Rb1 33. Rxb1 Nxb1 34.
Nxa7 Nxc3+ 35. Kd3 Nxa4 36. Nb5 Nb2+ 37. Kc2 Nc4 38. Nc7 Rb8 39. a7 Qd2# 0-1

[Event "DSM WK M 2012"]
[Site "Karlsruhe GER"]
[Date "2012.05.05"]
[Round "6"]
[White "Schweiger, Yasmin"]
[Black "von der Heyde, Emma Lotte"]
[Result "1-0"]
[Termination "normal"]
[Board "10.1"]
[WhiteElo "1038"]
[BlackElo "800"]
[WhiteTeam "Gymnasium Neureut"]
[BlackTeam "Schule an der Carbäk Broderstorf"]
[PlyCount "75"]
[EventCountry "GER"]
[EventRounds "7"]
[EventType "team-swiss"]
[EventDate "2012.05.03"]

1. d4 d5 2. c4 Nc6 3. Nc3 Nf6 4. Bg5 h6 5. Bh4 Bf5 6. Bxf6 exf6 7. Nxd5 h5 8.
e3 Bg4 9. Nf3 Be7 10. Nxe7 Nxe7 11. Be2 O-O 12. O-O Nc6 13. a3 Re8 14. h3 Bf5
15. Nd2 Na5 16. Bxh5 Rf8 17. d5 Qe8 18. b4 g6 19. Bf3 b6 20. bxa5 bxa5 21. d6
cxd6 22. Bxa8 Qxa8 23. Nf3 Rd8 24. Qd4 Kg7 25. Rfd1 d5 26. cxd5 a6 27. e4 Bd7
28. e5 f5 29. e6+ Kf8 30. exd7 Rxd7 31. Qh8+ Ke7 32. Qxa8 Rd8 33. Qxa6 Rd6 34.
Re1+ Kd7 35. Qxa5 f6 36. Rab1 f4 37. Rb7+ Kc8 38. Qc7# 1-0

[Event "DSM WK M 2012"]
[Site "Karlsruhe GER"]
[Date "2012.05.05"]
[Round "6"]
[White "Basler, Alina"]
[Black "Richter, Charlotte"]
[Result "0-1"]
[Termination "normal"]
[Board "10.2"]
[WhiteElo "800"]
[BlackElo "800"]
[WhiteTeam "Schule an der Carbäk Broderstorf"]
[BlackTeam "Gymnasium Neureut"]
[PlyCount "54"]
[EventCountry "GER"]
[EventRounds "7"]
[EventType "team-swiss"]
[EventDate "2012.05.03"]

1. e4 e5 2. Nf3 Nc6 3. Nc3 Nf6 4. Bc4 Bc5 5. d3 h6 6. Be3 d6 7. Nd5 Bg4 8. h3
Bh5 9. Bd2 O-O 10. O-O Nd4 11. b4 Nxf3+ 12. gxf3 Bd4 13. f4 Bxd1 14. Rfxd1 Bxa1
15. Rxa1 exf4 16. Bxf4 c6 17. Nxf6+ Qxf6 18. Re1 Qxf4 19. Re3 Rfe8 20. Rf3 Qxf3
21. h4 Qh3 22. h5 Re5 23. f4 Qg3+ 24. Kf1 Qxf4+ 25. Ke1 Rxh5 26. a3 Rh2 27. d4
Qc1# 0-1

[Event "DSM WK M 2012"]
[Site "Karlsruhe GER"]
[Date "2012.05.05"]
[Round "6"]
[White "Fotler, Diana"]
[Black "Nikolowa, Cecilia"]
[Result "1-0"]
[Termination "normal"]
[Board "10.3"]
[WhiteElo "800"]
[BlackElo "800"]
[WhiteTeam "Gymnasium Neureut"]
[BlackTeam "Schule an der Carbäk Broderstorf"]
[PlyCount "73"]
[EventCountry "GER"]
[EventRounds "7"]
[EventType "team-swiss"]
[EventDate "2012.05.03"]

1. e4 e5 2. Nf3 Nc6 3. Bc4 Nf6 4. Nc3 Bb4 5. a3 Ba5 6. O-O O-O 7. d4 exd4 8.
Nxd4 d5 9. exd5 Ne5 10. Bb3 Bg4 11. f3 Bh5 12. Bg5 h6 13. Bh4 g6 14. Ne4 Re8
15. Nxf6+ Kg7 16. Nxe8+ Qxe8 17. Nb5 Qxb5 18. Qd4 f6 19. f4 Nd7 20. f5 Bb6 21.
Bxf6+ Nxf6 22. Rad1 Bxd4+ 23. Rxd4 Re8 24. d6 c6 25. d7 Rf8 26. d8=Q Rxd8 27.
Rxd8 Qc5+ 28. Rf2 Ng4 29. f6+ Nxf6 30. Kf1 Qb5+ 31. Rd3 Ne4 32. Rf7+ Kg8 33.
Rxb7+ Qd5 34. Bxd5+ cxd5 35. Rxd5 Nf6 36. Rd8+ Ne8 37. Rxe8# 1-0

[Event "DSM WK M 2012"]
[Site "Karlsruhe GER"]
[Date "2012.05.05"]
[Round "6"]
[White "Schleede, Celina"]
[Black "Schweiger, Lauralie"]
[Result "0-1"]
[Termination "normal"]
[Board "10.4"]
[WhiteElo "800"]
[BlackElo "830"]
[WhiteTeam "Schule an der Carbäk Broderstorf"]
[BlackTeam "Gymnasium Neureut"]
[PlyCount "86"]
[EventCountry "GER"]
[EventRounds "7"]
[EventType "team-swiss"]
[EventDate "2012.05.03"]

1. e4 c6 2. d4 d5 3. Nc3 Nf6 4. f3 b6 5. Bg5 Ba6 6. Bxa6 Nxa6 7. Bxf6 gxf6 8.
Nh3 c5 9. dxc5 bxc5 10. exd5 e6 11. dxe6 fxe6 12. Qxd8+ Rxd8 13. O-O Rg8 14.
Nf4 Nc7 15. Nd3 c4 16. Nf4 Bh6 17. g3 e5 18. Nfd5 Nxd5 19. Nxd5 Rxd5 20. Rad1
Rxd1 21. Rxd1 f5 22. b3 cxb3 23. cxb3 Be3+ 24. Kg2 h5 25. Re1 f4 26. Kf1 fxg3
27. Kg2 Bd4 28. hxg3 h4 29. f4 Rxg3+ 30. Kh2 Be3 31. fxe5 Ke7 32. Ra1 Ke6 33.
a4 Kxe5 34. b4 Bd4 35. Rb1 Ra3 36. Re1+ Kd5 37. a5 h3 38. Rb1 Be5+ 39. Kg1 Ra2
40. Kf1 h2 41. Rd1+ Bd4 42. Rxd4+ Kxd4 43. Ke1 h1=Q# 0-1